000 00292nam a22001337a 4500
008 170131b xxu||||| |||| 00| 0 eng d
020 _a0721643388
041 _aeng
080 _23RD
_a61
100 _a3
101 _aSHMI
245 _aOFFICE PRACTICE OF MEDICINE
_cBRANCH
942 _2udc
_cBK
999 _c4058
_d4058